| 000 | 00928nam a2200229Ia 4500 | ||
|---|---|---|---|
| 999 |
_c36161 _d36161 |
||
| 001 | 2063 | ||
| 003 | GE_BSU | ||
| 005 | 20190507163555.0 | ||
| 008 | 181216sge ||||xx |||||||||||||| ||geo|| | ||
| 020 | _a9994021017 | ||
| 040 | _cGE_BSU | ||
| 080 | _a339.1 ლ–73 | ||
| 100 |
_aღლონტი, ვლადიმერ _9907 |
||
| 245 |
_aრეგიონი: _b(ანალიზი, შეფასება, პერსპექტივები) / _cვლადიმერ ღლონტი; რედ მიხეილ ჯიბუტი. |
||
| 264 |
_aბათუმი : _bგამომცემლობა აჭარა, _c2007. |
||
| 300 |
_a360 გვ. ; _b19 სმ. |
||
| 504 | _aბიბლიოგრ. გვ. 341-359 | ||
| 541 | _h10 ლ. | ||
| 653 | _aეკონომიკა | ||
| 700 |
_aჯიბუტი, მიხეილ _eრედაქტორი _9908 |
||
| 942 |
_cBK _2udc |
||